000 00361nam a22001457a 4500
003 OSt
005 20160727222345.0
008 160621b xxu||||| |||| 00| 0 eng d
040 _cTest
100 _9235
_aSachar, L
245 _aMarvin Red Post
_bWhy pick on Me?
260 _aN.Y
_b Scholastic
_c1993
300 _aMarvin Red Post:Why pick on Me?
942 _2ddc
_cBK
999 _c189
_d189